Travis Scott Albums - Statistics

General Stats
  • This quiz has been taken 177 times
    34 since last reset
  • The average score is 4 of 5
Answer Stats
Release Date Album % Correct
August 3, 2018 ASTROWORLD
100%
September 4, 2015 Rodeo
100%
July 28, 2023 UTOPIA
97%
September 2, 2016 Birds in the Trap Sing McKnight
76%
December 21, 2017 Huncho Jack, Jack Huncho
62%
No matching quizzes found
Score Distribution
Percent of People with Each Score
Percentile by Number Answered
Your Score History
You have not taken this quiz since the last reset